000 00667nam a2200205Ia 4500
003 GCL
008 140319s9999 xx 000 0 ara d
040 _aGCL /
_cGCL
082 0 4 _a822
_bش غ
100 1 _aشريدان، رتشارد برنسلى
245 1 0 _aالعزماء /
_cشريدان، رتشارد برنسلى
700 1 _aمحمود صابر (مترجم)
700 1 _aعادل سلام
300 _a300 ص
490 _aروائع المسرح العالمى
_v0
650 0 4 _aالادب الانجليزى
650 0 4 _aالمسرح الانجليزى
650 0 4 _aالمسرحيات الانجليزية المترجمة
942 _2ddc
_cBK
999 _c38369
_d38369